[Event "2. Bundesliga West 2018/19"]
[Site "5202 Neumarkt am Wallersee"]
[Date "2018.10.13"]
[Round "2"]
[Board "3"]
[White "Stadler, Alexander"]
[Black "Juergens, Klaus"]
[Result "1/2-1/2"]
[WhiteElo "2114"]
[BlackElo "2149"]
[PlyCount "72"]
[EventDate "2018.10.12"]
[EventType "team"]
[EventRounds "11"]
[EventCountry "AUT"]
[WhiteTeam "Ranshofen"]
[BlackTeam "ASK Salzburg"]

1. d4 Nf6 2. Nf3 g6 3. Bg5 Bg7 4. Nbd2 O-O 5. c3 d6 6. e4 Nbd7 7. Be2 h6 8. Bh4
e5 9. dxe5 dxe5 10. Qc2 Qe7 11. Nc4 b5 12. Ne3 c6 13. Nd2 Nc5 14. O-O Ne6 15.
Rfe1 a5 16. a4 b4 17. f3 bxc3 18. bxc3 Nc5 19. Ndc4 Be6 20. Rab1 Qc7 21. Bf2
Nfd7 22. Red1 Rfb8 23. h4 h5 24. g3 Bf8 25. Kh2 f6 26. Bf1 Rxb1 27. Rxb1 Rb8
28. Rxb8 Qxb8 29. Bh3 Bxh3 30. Kxh3 Qb3 31. Nxa5 Qxc2 32. Nxc2 Nxa4 33. c4 Nb2
34. Ne3 Bc5 35. Nxc6 Bxe3 36. Bxe3 Nxc4  1/2-1/2

[Event "2. Bundesliga West 2018/19"]
[Site "5202 Neumarkt am Wallersee"]
[Date "2018.10.13"]
[Round "2"]
[Board "4"]
[White "Scheiblmaier, Robert"]
[Black "Schwarzmeier, Klaus"]
[Result "1/2-1/2"]
[WhiteElo "2192"]
[BlackElo "2187"]
[PlyCount "61"]
[EventDate "2018.10.12"]
[EventType "team"]
[EventRounds "11"]
[EventCountry "AUT"]
[WhiteTeam "ASK Salzburg"]
[BlackTeam "Ranshofen"]

1. d4 d5 2. c4 c6 3. cxd5 cxd5 4. Nc3 Nf6 5. Bf4 Nc6 6. e3 a6 7. Bd3 g6 8. h3
Bg7 9. Nf3 O-O 10. O-O b5 11. a4 b4 12. Nb1 Qb6 13. Nbd2 a5 14. Nb3 Ne4 15. Rc1
Ba6 16. Bxa6 Qxa6 17. Nc5 Nxc5 18. Rxc5 e6 19. b3 Rfc8 20. Qd2 Bf8 21. Rc2 f6
22. Rfc1 Na7 23. Ne1 Rxc2 24. Rxc2 Rc8 25. f3 Rxc2 26. Qxc2 Qc6 27. Qxc6 Nxc6
28. Nd3 Kf7 29. Kf2 Ke8 30. Ke2 Kd7 31. Kd2  1/2-1/2

[Event "2. Bundesliga West 2018/19"]
[Site "5202 Neumarkt am Wallersee"]
[Date "2018.10.13"]
[Round "2"]
[Board "5"]
[White "Spiesberger, Gerhard"]
[Black "Loeffler, Christoph"]
[Result "0-1"]
[WhiteElo "2076"]
[BlackElo "2125"]
[PlyCount "86"]
[EventDate "2018.10.12"]
[EventType "team"]
[EventRounds "11"]
[EventCountry "AUT"]
[WhiteTeam "Ranshofen"]
[BlackTeam "ASK Salzburg"]

1. e4 c6 2. g3 d5 3. d3 dxe4 4. dxe4 Qxd1+ 5. Kxd1 Nf6 6. f3 e5 7. Be3 Be6 8.
Nd2 Nbd7 9. Bc4 Bc5 10. Ke2 Ke7 11. Bxe6 Kxe6 12. Nh3 h6 13. Nf2 b5 14. Nd3
Bxe3 15. Kxe3 c5 16. c4 a6 17. Rac1 Rhc8 18. h3 Ne8 19. f4 f6 20. a3 Nd6 21.
Rc2 Ra7 22. Rhc1 Rac7 23. b3 bxc4 24. Nxc4 Nb5 25. a4 Nd4 26. Rc3 Nc6 27. Nd2
Na5 28. b4 Nb7 29. f5+ Kd6 30. Nc4+ Ke7 31. b5 axb5 32. axb5 Nd6 33. Nxd6 Kxd6
34. Nb2 Nb6 35. Ra3 c4 36. Kd2 Kc5 37. Na4+ Nxa4 38. Rxa4 Kxb5 39. Ra2 Rd8+ 40.
Kc2 Rd3 41. Rb1+ Kc5 42. Ra5+ Kd4 43. Re1 Re3  0-1

[Event "2. Bundesliga West 2018/19"]
[Site "5202 Neumarkt am Wallersee"]
[Date "2018.10.13"]
[Round "2"]
[Board "6"]
[White "Herrmann, Michael"]
[Black "Doppelhammer, Herbert"]
[Result "1/2-1/2"]
[WhiteElo "2124"]
[BlackElo "1983"]
[PlyCount "80"]
[EventDate "2018.10.12"]
[EventType "team"]
[EventRounds "11"]
[EventCountry "AUT"]
[WhiteTeam "ASK Salzburg"]
[BlackTeam "Ranshofen"]

1. c4 e5 2. g3 d6 3. Bg2 f5 4. d4 Be7 5. dxe5 dxe5 6. Qxd8+ Bxd8 7. Nc3 c6 8.
e4 Nf6 9. Nge2 Na6 10. O-O fxe4 11. Nxe4 Nxe4 12. Bxe4 Nc5 13. Bc2 Bh3 14. Re1
O-O 15. b4 Ne6 16. Bb2 Bf6 17. Be4 Ng5 18. Bg2 Rad8 19. f4 exf4 20. Bxf6 f3 21.
Bxg5 f2+ 22. Kh1 fxe1=Q+ 23. Rxe1 Bxg2+ 24. Kxg2 Rde8 25. Bd2 Re4 26. c5 Rfe8
27. Kf2 Rf8+ 28. Nf4 Rxe1 29. Kxe1 Kf7 30. h4 g6 31. Ke2 h5 32. Bc3 Rd8 33. a3
a6 34. Bb2 Re8+ 35. Kd2 Rd8+ 36. Kc2 Re8 37. Kd2 Rd8+ 38. Ke1 Re8+ 39. Kf2 Rd8
40. Ke2 Re8+  1/2-1/2

[Event "2. Bundesliga West 2018/19"]
[Site "5202 Neumarkt am Wallersee"]
[Date "2018.10.13"]
[Round "2"]
[Board "1"]
[White "Hertneck, Gerald"]
[Black "Bertagnolli, Alexander"]
[Result "1-0"]
[WhiteElo "2487"]
[BlackElo "2375"]
[PlyCount "61"]
[EventDate "2018.10.12"]
[EventType "team"]
[EventRounds "11"]
[EventCountry "AUT"]
[WhiteTeam "Sparkasse Neumarkt"]
[BlackTeam "Kufstein/Woergl"]

1. d4 d5 2. c4 e6 3. Nf3 Nf6 4. Nc3 Be7 5. Bg5 h6 6. Bh4 O-O 7. e3 b6 8. Bd3 c5
9. dxc5 dxc4 10. Bxc4 Bxc5 11. O-O Bb7 12. Qe2 Nbd7 13. Rfd1 Qe7 14. e4 g5 15.
Bg3 e5 16. Nd5 Nxd5 17. Bxd5 Nf6 18. Nxe5 Nxd5 19. exd5 f6 20. d6 Bxd6 21. Qc4+
Kg7 22. Nc6 Bxc6 23. Bxd6 Qb7 24. Bxf8+ Rxf8 25. f3 Be8 26. Rd6 Bf7 27. Qd4 Qe7
28. Rd7 Qe6 29. Rxa7 Rc8 30. Qd2 b5 31. Re1  1-0

[Event "2. Bundesliga West 2018/19"]
[Site "5202 Neumarkt am Wallersee"]
[Date "2018.10.13"]
[Round "2"]
[Board "2"]
[White "Koepke, Elena"]
[Black "Barseghyan, Harutyun"]
[Result "1/2-1/2"]
[WhiteElo "2271"]
[BlackElo "2466"]
[PlyCount "111"]
[EventDate "2018.10.12"]
[EventType "team"]
[EventRounds "11"]
[EventCountry "AUT"]
[WhiteTeam "Kufstein/Woergl"]
[BlackTeam "Sparkasse Neumarkt"]

1. e4 e5 2. Nf3 Nc6 3. Bb5 a6 4. Ba4 Nf6 5. O-O Be7 6. d3 b5 7. Bb3 d6 8. a4 b4
9. a5 O-O 10. h3 Be6 11. Nbd2 Rb8 12. Bc4 Qc8 13. Re1 Nd7 14. Nb3 Bxc4 15. dxc4
Nd8 16. Bd2 Ne6 17. Nh2 Qb7 18. Ng4 Rfe8 19. Qe2 Qc6 20. Rad1 Bg5 21. Bxg5 Nxg5
22. f3 Ne6 23. Ne3 Nf4 24. Qf1 Nc5 25. Nxc5 Qxc5 26. g3 Ne6 27. Rd5 Qa7 28. Kg2
Nd4 29. Qf2 b3 30. c3 Nc6 31. Qe2 Ne7 32. Rdd1 Qc5 33. Ra1 Rf8 34. Red1 f5 35.
Nd5 Nxd5 36. Rxd5 Qc6 37. Rad1 fxe4 38. Qxe4 Rf6 39. c5 Rbf8 40. R1d3 Kh8 41.
h4 h6 42. c4 Qa4 43. cxd6 cxd6 44. Rxd6 Rxd6 45. Rxd6 Qxa5 46. Rd5 Qa1 47. Qxe5
Qc1 48. Qe2 Rc8 49. c5 Qc2 50. Kf1 a5 51. Ke1 Rxc5 52. Rxc5 Qxc5 53. Qe8+ Kh7
54. Qe4+ Kh8 55. Qe8+ Kh7 56. Qe4+  1/2-1/2

[Event "2. Bundesliga West 2018/19"]
[Site "5202 Neumarkt am Wallersee"]
[Date "2018.10.13"]
[Round "2"]
[Board "3"]
[White "Kaspret, Guido"]
[Black "Neuschmied, Siegfried"]
[Result "1-0"]
[WhiteElo "2289"]
[BlackElo "2284"]
[PlyCount "87"]
[EventDate "2018.10.12"]
[EventType "team"]
[EventRounds "11"]
[EventCountry "AUT"]
[WhiteTeam "Sparkasse Neumarkt"]
[BlackTeam "Kufstein/Woergl"]

1. c4 e5 2. Nc3 Bb4 3. Nf3 Bxc3 4. bxc3 d6 5. g3 f5 6. Bg2 Nf6 7. O-O O-O 8. d4
e4 9. Ng5 Nc6 10. f3 h6 11. Nh3 Na5 12. Qa4 b6 13. Nf4 c6 14. fxe4 fxe4 15. c5
d5 16. Ng6 Re8 17. Ne5 Ba6 18. cxb6 axb6 19. Qc2 Nd7 20. Ng4 Qe7 21. Bf4 Nc4
22. Rae1 Rf8 23. Bc1 Bb5 24. Ne3 Nf6 25. Bh3 Nxe3 26. Bxe3 Bc4 27. a4 Ra6 28.
Rb1 Rfa8 29. Rf2 Nd7 30. Qd2 Rf8 31. Rbf1 Rxf2 32. Rxf2 Nf8 33. Bxh6 e3 34.
Qxe3 Qxe3 35. Bxe3 Rxa4 36. Bf4 Nh7 37. Be6+ Kh8 38. Be5 Ra1+ 39. Kg2 Ra2 40.
Bg4 Rc2 41. h4 Rxc3 42. h5 Nf6 43. h6 Kh7 44. hxg7  1-0

[Event "2. Bundesliga West 2018/19"]
[Site "5202 Neumarkt am Wallersee"]
[Date "2018.10.13"]
[Round "2"]
[Board "4"]
[White "Blaskowski, Johannes"]
[Black "De Visser, Leon"]
[Result "1-0"]
[WhiteElo "2301"]
[BlackElo "2243"]
[PlyCount "117"]
[EventDate "2018.10.12"]
[EventType "team"]
[EventRounds "11"]
[EventCountry "AUT"]
[WhiteTeam "Kufstein/Woergl"]
[BlackTeam "Sparkasse Neumarkt"]

1. e4 c6 2. d4 d5 3. exd5 cxd5 4. c4 Nf6 5. Nc3 Nc6 6. Nf3 Bg4 7. cxd5 Nxd5 8.
Qb3 Bxf3 9. gxf3 e6 10. Qxb7 Nxd4 11. Bb5+ Nxb5 12. Qc6+ Ke7 13. Qxb5 Qd7 14.
Nxd5+ Qxd5 15. Qxd5 exd5 16. Be3 Ke6 17. O-O Bb4 18. Rac1 Rhd8 19. Rfd1 Ba5 20.
Kf1 Bb6 21. Bd4 Bxd4 22. Rxd4 Rac8 23. Re1+ Kd6 24. Ra4 Rd7 25. Ra6+ Rc6 26.
Rxc6+ Kxc6 27. Re8 Kc5 28. Ke2 Rb7 29. b3 Kd4 30. Kd2 Rc7 31. f4 Rc6 32. Re7
Ra6 33. a4 Rf6 34. Rxa7 Rxf4 35. Ke2 Kc3 36. a5 d4 37. Rc7+ Kxb3 38. a6 Rf6 39.
a7 Ra6 40. Kd3 Kb4 41. Kxd4 g5 42. Rb7+ Ka3 43. Rxf7 h6 44. Rb7 Ra5 45. f3 Ka2
46. Kc4 Ka3 47. h3 h5 48. Kd4 Ka2 49. Ke4 Ka3 50. Rg7 h4 51. Rb7 Ka2 52. Kd4
Ka3 53. Kc4 Ra6 54. Kb5 Ra4 55. Kb6 Kb4 56. Re7 Ka3 57. Kb7 Rb4+ 58. Ka8 Ra4
59. Kb8  1-0

[Event "2. Bundesliga West 2018/19"]
[Site "5202 Neumarkt am Wallersee"]
[Date "2018.10.13"]
[Round "2"]
[Board "5"]
[White "Wuppinger, Manfred"]
[Black "Maurer, Jochen"]
[Result "0-1"]
[WhiteElo "2036"]
[BlackElo "2213"]
[PlyCount "40"]
[EventDate "2018.10.12"]
[EventType "team"]
[EventRounds "11"]
[EventCountry "AUT"]
[WhiteTeam "Sparkasse Neumarkt"]
[BlackTeam "Kufstein/Woergl"]

1. e4 c5 2. c3 Nf6 3. e5 Nd5 4. d4 cxd4 5. Qxd4 e6 6. Nf3 Nc6 7. Qe4 f5 8. Qc2
Qc7 9. Qe2 b6 10. Nbd2 Nf4 11. Qe3 Ng6 12. Nc4 Bc5 13. Qe2 O-O 14. b4 Be7 15.
b5 Na5 16. Bb2 Nf4 17. Qe3 Nxc4 18. Qxf4 Nxb2 19. Kd2 Bb7 20. Kc2 Rac8  0-1

[Event "2. Bundesliga West 2018/19"]
[Site "5202 Neumarkt am Wallersee"]
[Date "2018.10.13"]
[Round "2"]
[Board "6"]
[White "Kranewitter, Norbert"]
[Black "Baier, Patrick"]
[Result "0-1"]
[WhiteElo "2008"]
[BlackElo "2008"]
[PlyCount "126"]
[EventDate "2018.10.12"]
[EventType "team"]
[EventRounds "11"]
[EventCountry "AUT"]
[WhiteTeam "Kufstein/Woergl"]
[BlackTeam "Sparkasse Neumarkt"]

1. e4 e5 2. Nf3 Nc6 3. Bb5 Bc5 4. c3 Nf6 5. d3 Qe7 6. O-O O-O 7. d4 Bb6 8. d5
Nb8 9. Bg5 d6 10. Re1 h6 11. Bh4 Nbd7 12. Qd2 Kh7 13. Na3 Rg8 14. Nc4 g5 15.
Bg3 Nh5 16. Qc2 Nf4 17. a4 a6 18. Nxb6 Nxb6 19. Bf1 h5 20. Rac1 Bg4 21. Nd2 h4
22. Bxf4 gxf4 23. Kh1 Qg5 24. Qd3 Nxa4 25. h3 Nc5 26. Nf3 Qf6 27. Qe2 Bh5 28.
b4 Nd7 29. c4 b6 30. Qd3 a5 31. bxa5 Rxa5 32. Ra1 Nc5 33. Qc3 Rga8 34. Rxa5
bxa5 35. Ra1 Bxf3 36. gxf3 a4 37. Bd3 Qd8 38. Bc2 Qd7 39. Kh2 Rg8 40. Qb4 f6
41. Qe1 Qg7 42. Qf1 Ra8 43. Ra3 Qd7 44. Qg1 Qc8 45. Qg2 Rb8 46. Ra1 Qg8 47. Qf1
Rb4 48. Qe2 Nb3 49. Rg1 Nd4 50. Qd1 Qf7 51. Rg4 a3 52. Kh1 Qh5 53. Qg1 Qh6 54.
Bb1 Rxc4 55. Rg8 Nxf3 56. Qg4 Rc1+ 57. Kg2 Ne1+ 58. Kh2 Rxb1 59. Rc8 Nf3+ 60.
Qxf3 Qg6 61. Rxc7+ Kh6 62. Qg4 Qxg4 63. hxg4 a2  0-1

[Event "2. Bundesliga West 2018/19"]
[Site "Tirol"]
[Date "2018.10.14"]
[Round "3"]
[Board "1"]
[White "Fedorovsky, Michael"]
[Black "Bilchinski, Anton"]
[Result "1/2-1/2"]
[WhiteElo "2481"]
[BlackElo "2301"]
[PlyCount "62"]
[EventDate "2018.10.12"]
[EventType "team"]
[EventRounds "11"]
[EventCountry "AUT"]
[WhiteTeam "Jenbach 2"]
[BlackTeam "Pradl"]

1. d4 Nf6 2. c4 e6 3. Nc3 Bb4 4. f3 O-O 5. a3 Bxc3+ 6. bxc3 c5 7. Nh3 d5 8. e3
b6 9. cxd5 exd5 10. Nf2 Ba6 11. Bxa6 Nxa6 12. O-O Re8 13. Qd3 Nc7 14. e4 cxd4
15. cxd4 dxe4 16. fxe4 Qd7 17. Bb2 Qb5 18. Qxb5 Nxb5 19. a4 Nd6 20. e5 Nc4 21.
exf6 Nxb2 22. fxg7 Rad8 23. Ng4 Kxg7 24. Ra3 Rxd4 25. Rg3 Kf8 26. Nh6 Rd1 27.
Rxd1 Nxd1 28. Rg8+ Ke7 29. Rg3 Kf8 30. Rg8+ Ke7 31. Rg3 Kf8  1/2-1/2

[Event "2. Bundesliga West 2018/19"]
[Site "Tirol"]
[Date "2018.10.14"]
[Round "3"]
[Board "2"]
[White "Wohlfahrt, Herbert"]
[Black "Reich, Thomas"]
[Result "1/2-1/2"]
[WhiteElo "2262"]
[BlackElo "2360"]
[PlyCount "72"]
[EventDate "2018.10.12"]
[EventType "team"]
[EventRounds "11"]
[EventCountry "AUT"]
[WhiteTeam "Pradl"]
[BlackTeam "Jenbach 2"]

1. Nf3 Nf6 2. g3 g6 3. b3 Bg7 4. Bb2 O-O 5. Bg2 d6 6. d4 c5 7. c4 Ne4 8. O-O
Nc6 9. Nbd2 Bf5 10. Nh4 Nxd2 11. Qxd2 Nxd4 12. Nxf5 Nxf5 13. Bxg7 Kxg7 14. Bxb7
Rb8 15. Be4 Qd7 16. Rad1 Qe6 17. Qd3 Qf6 18. Bxf5 Qxf5 19. e4 Qf6 20. Rfe1 a5
21. Qe3 a4 22. e5 dxe5 23. Qxc5 axb3 24. axb3 Rxb3 25. Qxe5 Rb2 26. Qxf6+ Kxf6
27. Rd7 e6 28. Re3 Rc2 29. Rc7 g5 30. Rf3+ Kg6 31. h4 h6 32. Kg2 g4 33. h5+
Kxh5 34. Rfxf7 Rxf7 35. Rxf7 Rxc4 36. Rh7 Rc5  1/2-1/2

[Event "2. Bundesliga West 2018/19"]
[Site "Tirol"]
[Date "2018.10.14"]
[Round "3"]
[Board "3"]
[White "Binder, Moriz"]
[Black "Doskocil, Klaus"]
[Result "1-0"]
[WhiteElo "2234"]
[BlackElo "2190"]
[PlyCount "71"]
[EventDate "2018.10.12"]
[EventType "team"]
[EventRounds "11"]
[EventCountry "AUT"]
[WhiteTeam "Jenbach 2"]
[BlackTeam "Pradl"]

1. d4 Nf6 2. Nf3 g6 3. Nbd2 Bg7 4. e4 d6 5. Bd3 a6 6. a4 b6 7. O-O O-O 8. Re1
c5 9. c3 Bb7 10. Nf1 Nbd7 11. h3 e5 12. d5 Qc7 13. b3 h6 14. g4 Nh7 15. Ng3 Qd8
16. Be3 Ng5 17. Kg2 f6 18. h4 Nxf3 19. Qxf3 Rf7 20. Rab1 a5 21. Bb5 Nb8 22. Bd2
Bc8 23. h5 g5 24. b4 Rfa7 25. bxc5 bxc5 26. Nf5 Qc7 27. Rb2 Bf8 28. Reb1 Kh7
29. Ne3 Be7 30. Nc4 Bd8 31. Be8 Rb7 32. Nb6 Raa7 33. Nxc8 Qxc8 34. Qf5+ Qxf5
35. Rxb7+ Qd7 36. Bxd7  1-0

[Event "2. Bundesliga West 2018/19"]
[Site "Tirol"]
[Date "2018.10.14"]
[Round "3"]
[Board "4"]
[White "Everett, Elijah"]
[Black "Fuchs, Georg"]
[Result "1-0"]
[WhiteElo "2232"]
[BlackElo "2210"]
[PlyCount "65"]
[EventDate "2018.10.12"]
[EventType "team"]
[EventRounds "11"]
[EventCountry "AUT"]
[WhiteTeam "Pradl"]
[BlackTeam "Jenbach 2"]

1. e4 e5 2. Nf3 Nf6 3. Nxe5 d6 4. Nf3 Nxe4 5. Nc3 Nf6 6. d4 d5 7. Bd3 Be7 8.
O-O O-O 9. h3 b6 10. Re1 c5 11. Bf4 Nc6 12. Ne5 Bb7 13. Ba6 Nxe5 14. Bxb7 Ng6
15. Bg3 cxd4 16. Qxd4 Bc5 17. Qd3 Rb8 18. Bxb8 Qxb8 19. Bxd5 Qf4 20. Qf3 Qb4
21. a3 Qh4 22. Ne4 Bd4 23. Nxf6+ Bxf6 24. c3 Qg5 25. Rad1 h5 26. Qg3 Qh6 27.
Bc4 Bh4 28. Qf3 Nf4 29. g3 Nxh3+ 30. Kg2 Ng5 31. Qf4 Qc6+ 32. Bd5 Qd7 33. Qxh4
 1-0

[Event "2. Bundesliga West 2018/19"]
[Site "Tirol"]
[Date "2018.10.14"]
[Round "3"]
[Board "5"]
[White "Hoellrigl, Wilfried"]
[Black "Mittelberger, Peter"]
[Result "1-0"]
[WhiteElo "2170"]
[BlackElo "2199"]
[PlyCount "103"]
[EventDate "2018.10.12"]
[EventType "team"]
[EventRounds "11"]
[EventCountry "AUT"]
[WhiteTeam "Jenbach 2"]
[BlackTeam "Pradl"]

1. e4 d6 2. d4 g6 3. Nc3 Bg7 4. Be3 a6 5. Qd2 b5 6. Bd3 Nd7 7. Nf3 c5 8. d5 Qc7
9. a3 c4 10. Be2 Nc5 11. Bd4 Nf6 12. e5 dxe5 13. Bxe5 Qd8 14. Rd1 Ncd7 15. Bf4
Bb7 16. d6 e6 17. O-O O-O 18. Bh6 Nb6 19. Bxg7 Kxg7 20. Qd4 Kg8 21. Ng5 Nbd5
22. Nge4 Nd7 23. Nxd5 Bxd5 24. Nc3 Nb6 25. Nxd5 Nxd5 26. Qe5 Rb8 27. Bf3 Nb6
28. c3 Nd7 29. Qe3 Qb6 30. Qh6 Rfd8 31. Rfe1 Nf8 32. Qf4 Rd7 33. Rd2 Rbd8 34.
Red1 Qc5 35. h4 Kg7 36. Qg3 h6 37. Rd4 Nh7 38. h5 g5 39. Be4 Nf6 40. Bf3 Ne8
41. Rd5 exd5 42. Rxd5 Qxd5 43. Bxd5 Rxd6 44. Qe5+ Nf6 45. Bb7 Re6 46. Qf5 Nxh5
47. a4 Rd1+ 48. Kh2 Rf6 49. Qg4 Re1 50. Qxh5 Rf4 51. Kg3 Rb1 52. Qe2  1-0

[Event "2. Bundesliga West 2018/19"]
[Site "Tirol"]
[Date "2018.10.14"]
[Round "3"]
[Board "6"]
[White "Sucher, Johannes"]
[Black "Kondrak, Christof"]
[Result "0-1"]
[WhiteElo "2172"]
[BlackElo "2107"]
[PlyCount "128"]
[EventDate "2018.10.12"]
[EventType "team"]
[EventRounds "11"]
[EventCountry "AUT"]
[WhiteTeam "Pradl"]
[BlackTeam "Jenbach 2"]

1. d4 d5 2. Nf3 Nf6 3. c4 dxc4 4. Nc3 c6 5. a4 Nd5 6. e4 Nxc3 7. bxc3 b5 8. Ne5
e6 9. Qh5 g6 10. Qf3 f6 11. Ng4 Bg7 12. axb5 O-O 13. Bxc4 h5 14. Ne3 Qc7 15.
O-O cxb5 16. Bxb5 Nd7 17. Ba3 Rf7 18. Nc4 a6 19. Bd6 Qd8 20. Bc6 Ra7 21. Rfb1
a5 22. Qg3 Kh7 23. Bb4 f5 24. Bxa5 Qh8 25. Nd6 Rf8 26. exf5 exf5 27. Nb5 Ra6
28. Qc7 Nf6 29. Bb4 Rg8 30. Nd6 Rxa1 31. Rxa1 Be6 32. Qe7 Bd5 33. Nf7 Bxf7 34.
Qxf7 Rc8 35. d5 Kh6 36. f3 Nh7 37. Qa7 f4 38. Qf7 Bd4+ 39. Kf1 Bxc3 40. Qxf4+
Ng5 41. Bxc3 Qxc3 42. Rd1 Qc2 43. Re1 Qf5 44. Qxf5 gxf5 45. h4 Nf7 46. Re6+ Kg7
47. Re8 Rc7 48. Rb8 Ra7 49. Ra8 Rc7 50. Ke2 Kf6 51. Rf8 Ke7 52. Re8+ Kd6 53.
Re6+ Kc5 54. Rf6 Nd6 55. Rh6 Ra7 56. Rxh5 Ra2+ 57. Kf1 f4 58. Rg5 Nc4 59. Kg1
Ne3 60. h5 Ra1+ 61. Kh2 Nf1+ 62. Kh3 Ne3 63. Kh2 Nf1+ 64. Kg1 Ng3+  0-1

[Event "2. Bundesliga West 2018/19"]
[Site "Tirol"]
[Date "2018.10.14"]
[Round "3"]
[Board "1"]
[White "Dizdar, Goran"]
[Black "Spornberger, Andre"]
[Result "1-0"]
[WhiteElo "2480"]
[BlackElo "2313"]
[PlyCount "107"]
[EventDate "2018.10.12"]
[EventType "team"]
[EventRounds "11"]
[EventCountry "AUT"]
[WhiteTeam "Absam"]
[BlackTeam "Rochade Rum"]

1. d4 e6 2. Nf3 f5 3. c4 Nf6 4. Nc3 d5 5. Bf4 c6 6. e3 Bd6 7. Bd3 O-O 8. O-O
Qe7 9. c5 Bc7 10. Ne5 Qd8 11. b4 Nbd7 12. Nxd7 Bxd7 13. Qc2 e5 14. Bxe5 Bxe5
15. dxe5 Ng4 16. Be2 Nxe5 17. Qd2 Qf6 18. f4 Nf7 19. Qd4 Qe7 20. Bf3 Rfe8 21.
Rfe1 Nd8 22. Qd2 a5 23. Bxd5+ cxd5 24. Nxd5 Qf7 25. Nb6 Ne6 26. Qxd7 Qxd7 27.
Nxd7 axb4 28. Rec1 Red8 29. Ne5 b3 30. axb3 Rxa1 31. Rxa1 Nxc5 32. b4 Ne4 33.
h3 h5 34. Ra7 b5 35. Nc6 Rd1+ 36. Kh2 Rb1 37. Ne7+ Kf8 38. Nxf5 Rxb4 39. Nxg7
Rb3 40. Ne6+ Kg8 41. Rg7+ Kh8 42. Re7 Nd2 43. Nd4 Rb1 44. Kg3 b4 45. Kh4 Rg1
46. Rb7 Rxg2 47. Rxb4 Kg7 48. Kxh5 Rg1 49. Rb7+ Kf6 50. Rb6+ Kf7 51. Ne6 Nc4
52. Ra6 Nxe3 53. Ng5+ Kg7 54. Rg6+  1-0

[Event "2. Bundesliga West 2018/19"]
[Site "Tirol"]
[Date "2018.10.14"]
[Round "3"]
[Board "2"]
[White "Spornberger, Maximilian"]
[Black "Lehner, Oliver"]
[Result "1-0"]
[WhiteElo "2298"]
[BlackElo "2399"]
[PlyCount "79"]
[EventDate "2018.10.12"]
[EventType "team"]
[EventRounds "11"]
[EventCountry "AUT"]
[WhiteTeam "Rochade Rum"]
[BlackTeam "Absam"]

1. d4 Nf6 2. Bf4 g6 3. e3 Bg7 4. Nf3 O-O 5. h3 c5 6. c3 cxd4 7. exd4 d6 8. Be2
Nd5 9. Bh2 Nc6 10. O-O e5 11. Na3 exd4 12. cxd4 Qf6 13. Qd2 Bf5 14. Nb5 Rad8
15. Nc3 Nb6 16. Bf4 Qe7 17. Rfe1 d5 18. Bb5 Qd7 19. Ne5 Qc8 20. Rac1 Nc4 21.
Nxc6 bxc6 22. Bxc4 dxc4 23. Be5 f6 24. Bf4 Qd7 25. Na4 Bd3 26. Nc5 Qxd4 27. Ne6
Qd7 28. Nxf8 Bxf8 29. Bh6 Bd6 30. Bf4 Bf8 31. b3 cxb3 32. axb3 f5 33. Be3 Bb5
34. Qc3 Qf7 35. Rcd1 Rd6 36. Bc5 Rxd1 37. Rxd1 Bxc5 38. Qxc5 Qxb3 39. Rd8+ Kg7
40. Rd7+  1-0

[Event "2. Bundesliga West 2018/19"]
[Site "Tirol"]
[Date "2018.10.14"]
[Round "3"]
[Board "3"]
[White "Weinzettl, Ernst"]
[Black "Paltrinieri, Nicholas"]
[Result "0-1"]
[WhiteElo "2220"]
[BlackElo "2277"]
[PlyCount "122"]
[EventDate "2018.10.12"]
[EventType "team"]
[EventRounds "11"]
[EventCountry "AUT"]
[WhiteTeam "Absam"]
[BlackTeam "Rochade Rum"]

1. e4 e6 2. d4 d5 3. Nd2 Be7 4. Bd3 c5 5. dxc5 Nf6 6. Qe2 O-O 7. Ngf3 a5 8. O-O
Na6 9. e5 Nd7 10. c3 Naxc5 11. Bc2 Qb6 12. Nb3 Qa6 13. Qe3 a4 14. Nxc5 Nxc5 15.
Ng5 Bxg5 16. Qxg5 Qe2 17. Be3 Qxc2 18. Bxc5 Re8 19. Rab1 Bd7 20. Rfc1 Qg6 21.
Qe3 Bb5 22. Rd1 Rac8 23. Rbc1 Bc4 24. a3 Bb3 25. Rd2 f5 26. Bd4 Rf8 27. f4 Qh5
28. Rf1 Ba2 29. Qe1 h6 30. Rf3 Kh7 31. Rh3 Qe8 32. Qh4 Bb1 33. Qe1 Be4 34. Qe3
Qe7 35. Qg3 Rf7 36. Bf2 Rg8 37. Be3 Qc7 38. Qf2 Qc6 39. Rd4 Rd7 40. Qe2 b5 41.
Qh5 Rc7 42. Rg3 Qe8 43. Qh4 Rc4 44. Rh3 Qf7 45. Qf2 Rgc8 46. Rd2 b4 47. Bd4
bxa3 48. bxa3 Rb8 49. Rb2 Rb3 50. Rxb3 axb3 51. Qb2 Bc2 52. Re3 Qe7 53. Re2 Ra4
54. Rxc2 bxc2 55. Qxc2 Qxa3 56. h3 Qa1+ 57. Kh2 Ra2 58. Qd3 Qb2 59. Qg3 Qe2 60.
Bg1 Rc2 61. Bd4 g5  0-1

[Event "2. Bundesliga West 2018/19"]
[Site "Tirol"]
[Date "2018.10.14"]
[Round "3"]
[Board "4"]
[White "Moroder, Stefan"]
[Black "Deglmann, Ludwig"]
[Result "1/2-1/2"]
[WhiteElo "2158"]
[BlackElo "2270"]
[PlyCount "97"]
[EventDate "2018.10.12"]
[EventType "team"]
[EventRounds "11"]
[EventCountry "AUT"]
[WhiteTeam "Rochade Rum"]
[BlackTeam "Absam"]

1. e4 e6 2. d4 d5 3. Nc3 Bb4 4. e5 c5 5. a3 Bxc3+ 6. bxc3 Qa5 7. Bd2 Qa4 8. Qg4
g6 9. Ra2 Nc6 10. Nf3 Bd7 11. Qf4 c4 12. Ng5 Nd8 13. h4 h6 14. Nf3 Qb5 15. Bc1
Qa5 16. a4 Bxa4 17. Be2 b5 18. Kd2 Nc6 19. Ba3 Rh7 20. Nh2 O-O-O 21. Ng4 Qc7
22. Bd6 Qd7 23. Bc5 h5 24. Ne3 f6 25. exf6 Rf7 26. Qg3 Nxf6 27. f3 Rg8 28. Nd1
Qc7 29. Qxc7+ Kxc7 30. Nb2 Nd7 31. Nxa4 bxa4 32. Ba3 g5 33. hxg5 Rxg5 34. Bf1
e5 35. Bc1 Rgf5 36. Rxa4 exd4 37. cxd4 Nxd4 38. Rxa7+ Kc6 39. Ra6+ Nb6 40. Bb2
Ne6 41. Be2 Kb7 42. Rha1 Rc7 43. Ra7+ Kc6 44. Rxc7+ Kxc7 45. Ra7+ Kd6 46. Rb7
Nd7 47. Ke3 h4 48. Ra7 Kc6 49. Ra8  1/2-1/2

[Event "2. Bundesliga West 2018/19"]
[Site "Tirol"]
[Date "2018.10.14"]
[Round "3"]
[Board "5"]
[White "De Francesco, Klaus"]
[Black "Jedinger, Andreas"]
[Result "1-0"]
[WhiteElo "2288"]
[BlackElo "2108"]
[PlyCount "83"]
[EventDate "2018.10.12"]
[EventType "team"]
[EventRounds "11"]
[EventCountry "AUT"]
[WhiteTeam "Absam"]
[BlackTeam "Rochade Rum"]

1. d4 Nf6 2. Bf4 d5 3. e3 e6 4. c3 c5 5. Nd2 Nc6 6. Bd3 Bd6 7. Bxd6 Qxd6 8. f4
b6 9. a3 Bb7 10. Ngf3 O-O 11. Ne5 Ne7 12. Qf3 Ne8 13. Qh3 Nf6 14. Qf3 Ne8 15.
g4 cxd4 16. cxd4 Rc8 17. O-O Qd8 18. Qh3 Nf6 19. Ndf3 Ne4 20. g5 Nf5 21. Nh4
Nxh4 22. Qxh4 f6 23. gxf6 Qxf6 24. Qh3 Qf5 25. Qg2 Rc7 26. Rac1 Rfc8 27. Rxc7
Rxc7 28. Bxe4 dxe4 29. Qg5 Qf6 30. Ng4 Qf8 31. f5 exf5 32. Rxf5 Rc1+ 33. Kg2
Rc2+ 34. Kh3 Qd6 35. Re5 Bc8 36. Re8+ Kf7 37. Rxc8 Rxc8 38. Qf5+ Ke7 39. Qxc8
h5 40. Ne5 Qf6 41. Qb7+ Ke8 42. Qc6+  1-0

[Event "2. Bundesliga West 2018/19"]
[Site "Tirol"]
[Date "2018.10.14"]
[Round "3"]
[Board "6"]
[White "Berchtold, Clemens"]
[Black "Duer, Werner"]
[Result "1/2-1/2"]
[WhiteElo "2024"]
[BlackElo "2225"]
[PlyCount "63"]
[EventDate "2018.10.12"]
[EventType "team"]
[EventRounds "11"]
[EventCountry "AUT"]
[WhiteTeam "Rochade Rum"]
[BlackTeam "Absam"]

1. d4 Nf6 2. c4 d6 3. Nc3 g6 4. e4 Bg7 5. Be2 O-O 6. Nf3 c5 7. d5 Na6 8. O-O
Nc7 9. Qc2 Bg4 10. h3 Bxf3 11. Bxf3 e5 12. Bg5 h6 13. Be3 Nh7 14. Be2 Qh4 15.
Bd3 Ne8 16. f3 Rd8 17. Rab1 b6 18. b4 Qe7 19. bxc5 bxc5 20. Rb3 Nhf6 21. Rfb1
Rd7 22. Qb2 Nh5 23. Rb7 Nf4 24. Rxd7 Qxd7 25. Bf1 Qe7 26. Qb7 Qg5 27. Kh2 Nf6
28. g3 Qh5 29. Bg2 Nxg2 30. Kxg2 Nh7 31. Qd7 Bf6 32. Qg4  1/2-1/2